000 00423nab a2200145Ia 4500
003 ES-SlBCS
005 20210601134615.0
008 140529s1990 xxu||||| |||| 00| 0 spa d
041 _aspa
100 1 _aLeón R., José Virgilio
_9220356
245 0 0 _aMi realidad radical
_c José Virgilio León R.
650 0 4 _aRealidad Personal
_9220357
773 0 _tAnthropos
_gvol. 11, nº. 21, 1990, págs. 65-80
_wRev38
942 _cAR
999 _c615182
_d615182